000 00229nam a2200097Ia 4500
008 230915s9999 xx 000 0 und d
050 _aPR4353.M85 1988
100 _aPAUL MULDOON
245 4 _aTHE ESSENTIAL BYRON
942 _cBK
999 _c178864
_d178864